Miesiące po angielsku - Statystyki

Ogólne statystyki
  • Ten quiz został rozwiązany 628 razy
  • Średni wynik to 11 z 12
Statystyki odpowiedzi
Hint Odpowiedź % Poprawnych
Maj May
94%
Kwiecień April
93%
Styczeń January
93%
Marzec March
93%
Grudzień December
92%
Lipiec July
91%
Czerwiec June
91%
Listopad November
90%
Wrzesień September
90%
Październik October
89%
Luty February
87%
Sierpień August
86%
Nie znaleziono quizów pasujących do podanych kryteriów
Rozkład punktacji
Procent ludzi z każdym wynikiem
Percentyl według liczby udzielonych odpowiedzi
Twoja historia wyników
Nie rozwiązałeś tego quizu